000 02466nam0a2200349 4500
001 RU\NLR\BIBL_A\012748893
005 20230314161041.0
010 _a978-5-907490-12-3
_930
021 _aRU
_bКН-П-21-090908
_9КН-П-21-7246
035 _a(NLR Aleph) 012748893
035 _a(RuMoRGB)010932156
090 _a13025702
_c13025702
100 _a20220401d2021 u y0rusy50 ca
101 0 _arus
102 _aRU
105 _aa|||j|||000zy
181 0 _ai
_baxxe
182 0 _an
200 1 _aСовременные методы математического моделирования сложных систем
_eприкладные методы моделирования аэромеханики летательных аппаратов
_eучебное пособие
_eдля студентов направления 25.04.01 "Техническая эксплуатация летательных аппаратов и двигателей (магистры)" всех форм обучения
_fМ.С. Кубланов
_gФедеральное агентство воздушного транспорта (Росавиация), Федеральное государственное бюджетное образовательное учреждение высшего образования "Московский государственный технический университет гражданской авиации" (МГТУ ГА), Кафедра аэродинамики, конструкции и прочности летательных аппаратов
203 _aТекст
_bвизуальный
_cнепосредственный
210 _aМосква
_cИД Академии Жуковского
_d2021
215 _a72 с.
_cил.
_d21
320 _aБиблиогр.: с. 69-72 (59 назв.)
517 1 _aПрикладные методы моделирования аэромеханики летательных аппаратов
606 1 _aЛетательные аппараты
_jУчебные издания для высших учебных заведений
_xАэромеханика
_92479995
_3RU\NLR\AUTH\661472287
675 _a629.7.015:519.6(075.8)
_v4
686 1 _aО52-01с116я73-1
700 1 _aКубланов
_bМ. С.
_gМихаил Семенович
942 _cBOOK
980 _aNB